[Event "18th European Teams w"]
[Site "Porto Carras GRE"]
[Date "2011.11.07"]
[Round "5.5.2"]
[White "Chelushkina, Irina"]
[Black "Madl, Ildiko"]
[Result "1/2-1/2"]
[WhiteTitle "WGM"]
[BlackTitle "IM"]
[WhiteElo "2276"]
[BlackElo "2399"]
[WhiteTeam "Serbia"]
[BlackTeam "Hungary"]
[WhiteFideId "928615"]
[BlackFideId "700550"]
[EventDate "2011.11.03"]

1. e4 c5 2. b3 d6 3. Bb2 e5 4. f4 exf4 5. Nf3 Nc6 6. Bb5 Bg4 7. O-O Ne7 8. Nc3
Ng6 9. Nd5 a6 10. Be2 Be6 11. c4 Bxd5 12. exd5 Nce5 13. d4 cxd4 14. Bxd4 Be7 15.
Rc1 O-O 16. b4 a5 17. a3 axb4 18. axb4 b6 19. Kh1 Nd7 20. Ng1 Bf6 21. Nh3 Bxd4
22. Qxd4 Ra4 23. Qd2 Re8 24. Bh5 Nde5 25. Bxg6 Nxg6 26. Rce1 Rxe1 27. Qxe1 Qc7
28. Nxf4 1/2-1/2

[Event "18th European Teams w"]
[Site "Porto Carras GRE"]
[Date "2011.11.07"]
[Round "5.7.4"]
[White "Pavlidou, Ekaterini"]
[Black "Djingarova, Emilia"]
[Result "1-0"]
[WhiteTitle "WIM"]
[BlackTitle "WGM"]
[WhiteElo "2176"]
[BlackElo "2309"]
[WhiteTeam "Greece"]
[BlackTeam "Bulgaria"]
[WhiteFideId "4213262"]
[BlackFideId "2903229"]
[EventDate "2011.11.03"]

1. d4 Nf6 2. c4 c5 3. d5 g6 4. Nc3 Bg7 5. e4 d6 6. h3 O-O 7. Nf3 e6 8. Bd3 Na6
9. O-O Nc7 10. Re1 Rb8 11. a3 exd5 12. cxd5 b5 13. Bf4 Rb6 14. Rc1 a5 15. Bb1
Nd7 16. Bg5 f6 17. Be3 Rb8 18. b4 Na6 19. bxc5 Ndxc5 20. Nd4 Bd7 21. Nc6 Bxc6
22. dxc6 b4 23. axb4 axb4 24. Na4 b3 25. Qd5+ Rf7 26. Nxc5 dxc5 27. Bd3 b2 28.
Rb1 Qb6 29. Bc4 Rf8 30. Qd7 Nb8 31. Qb7 Qb4 32. Qxb4 cxb4 33. c7 Nc6 34. Be6 f5
35. exf5 gxf5 36. Bc5 Ra8 37. c8=Q+ Rxc8 38. Bxc8 Bc3 39. Be6 Na5 40. Red1 Kg7
41. Bxf7 Kxf7 42. Bxb4 1-0

[Event "18th European Teams w"]
[Site "Porto Carras GRE"]
[Date "2011.11.07"]
[Round "5.12.1"]
[White "Houska, Jovanka"]
[Black "Golubenko, Valentina"]
[Result "1/2-1/2"]
[WhiteTitle "IM"]
[BlackTitle "WGM"]
[WhiteElo "2415"]
[BlackElo "2293"]
[WhiteTeam "England"]
[BlackTeam "Croatia"]
[WhiteFideId "405094"]
[BlackFideId "4501993"]
[EventDate "2011.11.03"]

1. d4 Nf6 2. Nf3 c5 3. d5 e6 4. c4 exd5 5. cxd5 d6 6. Nc3 g6 7. h3 a6 8. a4 Qe7
9. Bf4 Bg7 10. Nd2 Nh5 11. Bh2 Nd7 12. e3 Be5 13. Bxe5 Nxe5 14. Be2 Nf6 15. O-O
O-O 16. e4 g5 17. f4 gxf4 18. Rxf4 Ng6 19. Rf2 Nd7 20. Nc4 Nde5 21. Nxe5 Qxe5
22. Bg4 Qd4 23. Qe2 Nf4 24. Qf3 Nd3 25. Rf1 Nxf2 26. Rxf2 Bxg4 27. Qxg4+ Kh8 28.
a5 Rae8 29. Qf5 f6 30. Kh1 Re5 31. Qf4 Ree8 32. Rf1 Qe5 33. Qf3 Re7 34. Qd3 Rg7
35. Rf5 Qg3 36. Qf1 Rg6 37. Rf3 Qe5 38. Rf5 Qd4 39. Qf3 Rfg8 40. g4 c4 41. Kg2
b5 42. axb6 Qxb6 43. Rxf6 Qxb2+ 44. Kg3 Qb8 45. Rf5 Qc7 46. Rf7 Qb8 47. Ne2 Qb3
48. Qxb3 cxb3 49. Rb7 R6g7 50. Rxb3 Re7 51. Kf3 1/2-1/2